Genealogía y nobleza / (Record no. 29822)

MARC details
000 -LEADER
campo de control de longitud fija 00716nam a2200205 i 4500
001 - NÚMERO DE CONTROL
campo de control 29822
003 - IDENTIFICADOR DE NÚMERO DE CONTROL
campo de control ES-MaACL
005 - FECHA Y HORA DE LA ÚLTIMA TRANSACCIÓN
campo de control 20250928131507.0
007 - CAMPO FIJO DE DESCRIPCIÓN FÍSICA--INFORMACIÓN GENERAL
campo de control de longitud fija t|
008 - DATOS DE LONGITUD FIJA--INFORMACIÓN GENERAL
campo de control de longitud fija 030123s1922 sp ||||1| spa d
100 1# - ENTRADA PRINCIPAL--NOMBRE DE PERSONA
Nombre de persona Basanta de la Riva, Alfredo.
9 (RLIN) 26246
245 10 - MENCIÓN DEL TÍTULO
Título Genealogía y nobleza /
Mención de responsabilidad, etc. quinientos documentos estudiados por Alfredo Basanta de la Riva ; prólogo de Narciso Alonso Cortés.
260 ## - PUBLICACIÓN, DISTRIBUCIÓN, ETC.
Lugar de publicación, distribución, etc. Madrid :
Nombre del editor, distribuidor, etc. Reus,
Fecha de publicación, distribución, etc. 1922.
300 ## - DESCRIPCIÓN FÍSICA
Extensión XI, 173 p. ;
Dimensiones 26 cm.
650 #4 - PUNTO DE ACCESO ADICIONAL DE MATERIA--TÉRMINO DE MATERIA
Término de materia o nombre geográfico como elemento de entrada Nobleza-
Subdivisión geográfica España-
Subdivisión general Historia-
Subdivisión de forma Fuentes.
9 (RLIN) 166622
651 #4 - PUNTO DE ACCESO ADICIONAL DE MATERIA--NOMBRE GEOGRÁFICO
Nombre geográfico España-
Subdivisión general Genealogía-
Subdivisión de forma Diccionarios.
9 (RLIN) 149564
700 1# - ENTRADA AGREGADA--NOMBRE PERSONAL
Nombre de persona Alonso Cortés, Narciso,
Fechas asociadas al nombre 1875-1972
9 (RLIN) 20277
852 ## - LOCALIZACIÓN
Ubicación ES-MaACL
Número de control de estantería B-4934
Holdings
Estatus retirado Estado de pérdida Estado de daño No para préstamo Biblioteca de origen Biblioteca actual Ubicación en estantería Fecha de adquisición Fuente de adquisición Total de préstamos Signatura topográfica completa Código de barras Visto por última vez Precio de reemplazo Tipo de ítem Koha
        Biblioteca del Ateneo de Madrid Biblioteca del Ateneo de Madrid Sala Pardo Bazán 17/01/2008     B-4934 1030790 23/02/2023 23/02/2023 Libro impreso